Sports Quiz

Random Sports or Letter Quiz

Big 4 Teams with No 'S' Quiz Stats

 Plays Quiz Updated Feb 15, 2018

Score 0/9 Timer 02:00
28 Plays Today
Sport Team Name % Correct
NBAMiami Heat
83.1%
MLBBoston Red Sox
76.2%
MLBChicago White Sox
75%
NBAUtah Jazz
69.9%
NBAOklahoma City Thunder
67.5%
NBAOrlando Magic
65%
NHLMinnesota Wild
55%
NHLColorado Avalanche
46.2%
NHLTampa Bay Lightning
46.1%

You're not logged in!

Compare scores with friends on all Sporcle quizzes.
OR
Log In

Show Comments

Extras

Top Quizzes Today


Score Distribution

Your Account Isn't Verified!

In order to create a playlist on Sporcle, you need to verify the email address you used during registration. Go to your Sporcle Settings to finish the process.

Report this User

Report this user for behavior that violates our Community Guidelines.

Details: